Operations Research for Business (Record no. 1361)

MARC details
000 -LEADER
fixed length control field 01243nam a2200145 4500
020 ## - INTERNATIONAL STANDARD BOOK NUMBER
ISBN 0534004245
050 ## - CALL NUMBER
Classification number 658.
Item number 403 4
100 ## - AUTHOR
Personal name Eck Roger D.
245 ## - TITLE
Title Operations Research for Business
260 ## - PUBLICATION INFORMATION
Place of publication Califonia;
Name of publisher Wadsworth Publishing Company
Year of publication 1976
300 ## - DESCRIPTION
Number of Pages xiii; 757 p.
Other physical details ill;
Dimensions 23 cm.
500 ## - NOTES
General note Includes index.
505 ## - FORMATTED CONTENTS NOTE
Table of Content Chapter 1. Introduction<br/>Chapter 2. Mathematical prerequisites, <br/>Chapter 3.critical path methods for project management, Chapter 4. introduction to linear programming models and solution Techniques, Chapter 5.Formulating linear programming models, <br/>Chapter 5.Simplex algorithms, <br/>Chapter 6. Duality and sensitivity, <br/>Chapter 7. Goal programming,<br/>Chapter 8. transportation and other special-structure models, Chapter 9. finding optimal solutions for integer Programming Models, <br/>Chapter 10. Inventory Models for known Demands, <br/>Chapter 11. Inventory models: Extensions, <br/>Chapter 13. Marcov chain models in business<br/>Chapter 14. Unity theory <br/>Chapter 15. The Bayesian decision model<br/>Chapter 16. Queuing models in business<br/>Chapter 17. Dynamic programming<br/>Chapter 18. Introduction to simulation techniques<br/>Chapter 19. Portfolio models<br/>Chapter 20. Operations research<br/>
942 ## - ADDED ENTRY ELEMENTS (KOHA)
Koha item type Books
Holdings
Withdrawn status Lost status Home library Current library Date acquired Full call number Accession Number Koha item type
    Methodist University Library Tema Methodist University Library Tema 06/01/2006 658. 403 4 23008 Books
Copyright © 2026  MUG Library